00625nam a22002177a 4500003000500000005001700005008004100022010001000063011001000073020001500083035001100098040000900109082001700118100003500135245009100170250000900261260005200270300003500322650003000357700002000387CHAP20230208175654.0100617s2007 us a r 00010 eng d a98740 a99712 a0131877151 a110398 cCHAP14a519.535bJ6310aJohnson, Richard Arnoldd1937-10aApplied multivariate statistical analysisc/por Richard A. Johnson and Dean W. Wichern a6 ed aNew Jersey, US. :bPearson Prentice Hall,c2007 a773 p. :bilus. cuadros tablas04aAnálisis estadístico.1 aWichern, Dean W